Ucumarí : (Registro nro. 931)

Detalles MARC
000 -CABECERA
Campo de control 01123cam a2200241 4500
005 - FECHA Y HORA DE LA ULTIMA TRANSACCION
Campo de control 20171017151956.0
008 - ELEMENTOS DE LONGITUD FIJA—INFORMACION GENERAL
Campo de control 941205s1994 ck af r 00010 spa d
040 ## - FUENTE DE CATALOGACIÓN
Agencia catalogadora original la
Agencia transcriptora la
Agencia Modificadora CO-BoIAVH
041 0# - IDIOMA
Código de idioma para texto/pista de sonido o título separado Español
044 ## - PAÍS DE PUBLICACIÓN
País de publicación Colombia
082 04 - NUMERO DE CLASIFICACION DECIMAL DEWEY
Número de clasificación 333.72
Número del ítem C82u
110 2# - ASIENTO PRINCIPAL--NOMBRE CORPORATIVO
Nombre corporativo o de jurisdicción como elemento de entrada Corporación Autónoma Regional de Risaralda
9 (RLIN) 951
245 10 - MENCION DE TITULO
Título Ucumarí :
Parte restante del título un caso típico de la diversidad biótica andina /
Mención de responsabilidad Corporación Autónoma Regional de Risaralda.
260 ## - PUBLICACION, DISTRIBUCION, ETC. (PIE DE IMPRENTA)
Lugar de publicación, distribución, etc. Pereira (Colombia) :
Nombre del editor, distribuidor, etc. Corporación Autónoma Regional de Risaralda :
-- Universidad Nacional de Colombia. Instituto de Ciencias Naturales,
Fecha de publicación, distribución, etc. 1994.
300 ## - DESCRIPCION FISICA
Extensión 451 páginas :
Otros detalles físicos ilustraciones, láminas ;
Dimensiones 22 x 17 cm.
504 ## - NOTA DE BIBLIOGRAFIA, ETC.
Nota de bibliografía Incluye referencias biliográficas.
650 26 - ASIENTO SECUNDARIO DE MATERIA - TERMINO TEMATICO
Término temático o nombre geográfico como elemento de entrada Biodiversidad
Subdivisión geográfica Región andina (Colomibia)
9 (RLIN) 86373
650 26 - ASIENTO SECUNDARIO DE MATERIA - TERMINO TEMATICO
Término temático o nombre geográfico como elemento de entrada Parques nacionales naturales
Subdivisión geográfica Risaralda (Departamento, Colombia)
9 (RLIN) 86374
650 26 - ASIENTO SECUNDARIO DE MATERIA - TERMINO TEMATICO
Término temático o nombre geográfico como elemento de entrada Conservación de la naturaleza
Subdivisión geográfica Risaralda (Departamento, Colombia)
9 (RLIN) 86375
651 #4 - ASIENTO SECUNDARIO DE MATERIA - NOMBRE GEOGRAFICO
Nombre geográfico Parque Regional Natural Ucumarí
Subdivisión geográfica Risaralda (Colombia)
9 (RLIN) 86376
700 1# - ASIENTO SECUNDARIO - NOMBRE PERSONAL
Nombre personal Rangel Ch. J. Orlando.
Término de relación editor
9 (RLIN) 86377
942 ## - ELEMENTOS ADICIONALES (KOHA)
Sistema de clasificación Dewey Decimal Classification
Tipo de ítem Libro
Existencias
Withdrawn status Lost status Sistema de Clasificación Damaged status No para préstamo Colección Inventariado Ubicación Permanente Ubicación actual Fecha de adquisición Fuente de Valor Valor Total Checkouts Número topográfico Inventario / Código de Barras Date last seen Date checked out Ejemplar Price effective from Forma de adquisición Tipo de material
    Dewey Decimal Classification     General Inventariado 2017 Sala Fabio Quevedo Sala Fabio Quevedo 13/01/1999 Instituto 39000.00 1 LB-333.72 C82u 001290 23/01/2015 22/01/2015 Ej. 1 04/12/2012 Donación Libro